Welcome to WEB OPAC of MRSPTU Central Library

Fundamentals of statistics (Record no. 1996)

MARC details
000 -LEADER
fixed length control field 00410nam a2200169Ia 4500
008 - FIXED-LENGTH DATA ELEMENTS--GENERAL INFORMATION
fixed length control field 230711s9999||||xx |||||||||||||| ||und||
020 ## - INTERNATIONAL STANDARD BOOK NUMBER
International Standard Book Number 978-93-5051-769-7
041 ## - LANGUAGE CODE
Language code of text/sound track or separate title ENG
082 ## - DEWEY DECIMAL CLASSIFICATION NUMBER
Classification number 519.5
Item number GU-F
100 ## - MAIN ENTRY--PERSONAL NAME
Personal name Gupta,S. C
245 #0 - TITLE STATEMENT
Title Fundamentals of statistics
250 ## - EDITION STATEMENT
Edition statement 7th . . Ed.
260 ## - PUBLICATION, DISTRIBUTION, ETC.
Date of publication, distribution, etc. 2015
Place of publication, distribution, etc. Kolkata
Name of publisher, distributor, etc. Himalaya Publishing House
300 ## - PHYSICAL DESCRIPTION
Extent 619
650 ## - SUBJECT ADDED ENTRY--TOPICAL TERM
Topical term or geographic name entry element Mathematics
942 ## - ADDED ENTRY ELEMENTS (KOHA)
Koha item type Book
Holdings
Withdrawn status Lost status Damaged status Not for loan Collection Home library Current library Date acquired Total checkouts Full call number Barcode Date last seen Price effective from Koha item type Date last checked out Date due
          MRSPTU Central Library MRSPTU Central Library     519.5 GU-F 8492 08/17/2023 08/17/2023 Book    
          MRSPTU Central Library MRSPTU Central Library     519.5 GU-F 20688 08/17/2023 08/17/2023 Book    
          MRSPTU Central Library MRSPTU Central Library   4 519.5 GU-F 20689 02/10/2026 08/17/2023 Book 01/20/2026  
          MRSPTU Central Library MRSPTU Central Library   5 519.5 GU-F 20690 03/17/2026 08/17/2023 Book 03/17/2026 04/07/2026
          MRSPTU Central Library MRSPTU Central Library     519.5 GU-F 20691 08/17/2023 08/17/2023 Book    
          MRSPTU Central Library MRSPTU Central Library   1 519.5 GU-F 31312 11/20/2025 08/17/2023 Book 11/20/2025  
          MRSPTU Central Library MRSPTU Central Library   13 519.5 GU-F 31313 03/30/2026 08/17/2023 Book 02/24/2026  
          MRSPTU Central Library MRSPTU Central Library     519.5 GU-F 31314 02/19/2024 08/17/2023 Book    
          MRSPTU Central Library MRSPTU Central Library     519.5 GU-F 31315 08/17/2023 08/17/2023 Book    

Website Designed and Developed by MRSPTU Central Library Team

E-mail Id: librarian@mrsptu.ac.in